[Event "XXVI Corsicoscacchi Magistrale"]
[Site "Corsico ITA"]
[Date "2003.05.02"]
[Round "4"]
[White "Cedriano, Filippo"]
[Black "Strada, Stefano"]
[Result "1/2-1/2"]
[WhiteElo "1807"]
[BlackElo "1815"]
[PlyCount "64"]
[EventDate "2003.04.30"]

1. e4 b6 2. d4 Bb7 3. Nc3 e6 4. Nf3 Nf6 5. e5 Ne4 6. Nxe4 Bxe4 7. Bd3 Bxd3 8.
Qxd3 d5 9. O-O Be7 10. Bf4 Nd7 11. Rfd1 g5 12. Bc1 g4 13. Nd2 Bh4 14. g3 Be7
15. f4 h5 16. f5 exf5 17. Qxf5 Nf8 18. Rf1 Rh7 19. Nb3 Qd7 20. Be3 Qxf5 21.
Rxf5 Ne6 22. a4 c5 23. a5 c4 24. Nc1 b5 25. Ne2 a6 26. Kg2 Rb8 27. Nf4 Nxf4+
28. Bxf4 b4 29. Re1 Rb5 30. e6 fxe6 31. Rxe6 Rxa5 32. Rb6 Ra2 1/2-1/2

[Event "XXVI Corsicoscacchi Magistrale"]
[Site "Corsico ITA"]
[Date "2003.05.02"]
[Round "4"]
[White "Chiaretti, Roberto"]
[Black "Bonazzi, Edoardo"]
[Result "1-0"]
[WhiteElo "2194"]
[BlackElo "2153"]
[PlyCount "111"]
[EventDate "2003.04.30"]

1. d4 Nf6 2. c4 c5 3. d5 b5 4. f3 Qa5+ 5. Bd2 b4 6. e4 d6 7. Bd3 g6 8. Ne2 Bg7
9. Bc1 O-O 10. O-O Nbd7 11. Ng3 Ba6 12. Nd2 Ne8 13. f4 Nc7 14. Nf3 e6 15. dxe6
fxe6 16. Ng5 d5 17. exd5 exd5 18. Nxh7 Kxh7 19. Qg4 Qb6 20. Qxd7 Bxc4 21. Bxc4
dxc4 22. f5 Kg8 23. Qd1 Rad8 24. Qg4 Qd6 25. Bf4 Qd4+ 26. Kh1 Nd5 27. Rad1 Ne3
28. Rxd4 Nxg4 29. Rxc4 Bxb2 30. Bg5 Rd4 31. Rxc5 gxf5 32. h3 f4 33. Nf5 Rxf5
34. Rxf5 Ne3 35. R5xf4 Nxf1 36. Rxf1 Rd5 37. Bf6 Ba3 38. Rf2 a5 39. g4 Rd3 40.
Kg2 Bc1 41. h4 a4 42. g5 b3 43. axb3 axb3 44. g6 Rd6 45. h5 b2 46. Bxb2 Bxb2
47. Rxb2 Rd5 48. Rb8+ Kg7 49. Rb7+ Kf6 50. Rf7+ Ke6 51. Rh7 Kf6 52. Kf3 Rf5+
53. Kg4 Rg5+ 54. Kh4 Rg1 55. Rf7+ Ke6 56. Rf3 1-0

[Event "XXVI Corsicoscacchi Magistrale"]
[Site "Corsico ITA"]
[Date "2003.05.02"]
[Round "4"]
[White "De Santis, Massimo"]
[Black "Stefanetti, Marco"]
[Result "1/2-1/2"]
[WhiteElo "1840"]
[BlackElo "1873"]
[PlyCount "75"]
[EventDate "2003.04.30"]

1. d4 d5 2. c4 c6 3. cxd5 cxd5 4. Nc3 Nc6 5. Nf3 Nf6 6. e3 Bf5 7. Bd3 Bxd3 8.
Qxd3 e6 9. a3 Be7 10. O-O O-O 11. b4 Rc8 12. Bb2 Nb8 13. Qb5 Qd7 14. Rac1 Qxb5
15. Nxb5 Nc6 16. Ne5 a6 17. Nxc6 bxc6 18. Na7 Rc7 19. Nxc6 Bd6 20. Ne5 Rfc8 21.
Rxc7 Rxc7 22. Rc1 Rxc1+ 23. Bxc1 Bxe5 24. dxe5 Nd7 25. f4 Kf8 26. Kf1 Ke8 27.
Ke2 Nb6 28. Kd3 Kd7 29. Kd4 Kc6 30. Kc3 Kb5 31. Kb3 a5 32. bxa5 Kxa5 33. g4 g6
34. Kc3 Na4+ 35. Kd4 Kb5 36. Bd2 Nc5 37. Bb4 Ne4 38. g5 1/2-1/2

[Event "XXVI Corsicoscacchi Magistrale"]
[Site "Corsico ITA"]
[Date "2003.05.02"]
[Round "4"]
[White "Di Lascio, Savino"]
[Black "Mazzariol, Oscar"]
[Result "1-0"]
[WhiteElo "1895"]
[BlackElo "2061"]
[PlyCount "61"]
[EventDate "2003.04.30"]

1. Nf3 Nf6 2. g3 b5 3. Bg2 Bb7 4. O-O e6 5. d3 d6 6. e4 Nbd7 7. c3 Be7 8. a4 a6
9. Nbd2 O-O 10. Nb3 c5 11. h3 c4 12. dxc4 bxc4 13. Nbd2 Rc8 14. Qe2 a5 15. Nd4
Rc5 16. f4 Qa8 17. Rf2 Qb8 18. Nb5 Nb6 19. b4 cxb3 20. Nxb3 Rc4 21. Nxa5 Rxe4
22. Bxe4 Nxe4 23. Rg2 Bd5 24. c4 Ba8 25. Be3 Rc8 26. Kh2 Bf6 27. Rc1 Nxa4 28.
Ba7 Qxb5 29. cxb5 Rxc1 30. Be3 Nac3 31. Qc4 1-0

[Event "XXVI Corsicoscacchi Magistrale"]
[Site "Corsico ITA"]
[Date "2003.05.02"]
[Round "4"]
[White "Gentili, Gianguido"]
[Black "Gandolfi, Gianfranco"]
[Result "1-0"]
[WhiteElo "1768"]
[BlackElo "2013"]
[PlyCount "67"]
[EventDate "2003.04.30"]

1. e4 e5 2. Nf3 Nc6 3. Bb5 a6 4. Ba4 Nf6 5. O-O Be7 6. Re1 b5 7. Bb3 O-O 8. d4
Nxd4 9. Nxd4 exd4 10. e5 Ne8 11. Qxd4 c5 12. Qe4 Rb8 13. c3 Bb7 14. Qg4 d5 15.
Bf4 c4 16. Bc2 Rc8 17. Nd2 Nc7 18. Nf3 Ne6 19. Be3 Bc5 20. Bxc5 Rxc5 21. Rad1
h6 22. h4 Bc8 23. Qg3 Qc7 24. Bf5 Nd8 25. Nd4 Bxf5 26. Nxf5 Ne6 27. Nxh6+ Kh7
28. Nf5 g6 29. Ne3 Rd8 30. Ng4 d4 31. h5 g5 32. cxd4 Nxd4 33. Qe3 Rcd5 34. Nf6+
1-0

[Event "XXVI Corsicoscacchi Magistrale"]
[Site "Corsico ITA"]
[Date "2003.05.02"]
[Round "4"]
[White "Lanzani, Giuliano"]
[Black "Podini, Francesco"]
[Result "1/2-1/2"]
[WhiteElo "1833"]
[BlackElo "2043"]
[PlyCount "61"]
[EventDate "2003.04.30"]

1. e4 c5 2. Nc3 Nc6 3. g3 g6 4. Bg2 Bg7 5. Nge2 e6 6. d3 Nge7 7. O-O O-O 8. Be3
Nd4 9. Qd2 d6 10. Rab1 Rb8 11. b4 b6 12. f4 Bb7 13. Bxd4 cxd4 14. Nb5 Nc6 15.
a4 a6 16. Na3 Ne7 17. b5 a5 18. Kh1 Rc8 19. Rbc1 Qc7 20. Nb1 Qc5 21. c4 dxc3
22. Nbxc3 Qb4 23. d4 f5 24. Qa2 Qc4 25. Qxc4 Rxc4 26. e5 Bxg2+ 27. Kxg2 d5 28.
Kf3 Rfc8 29. Ke3 h6 30. h4 Kf7 31. Kd3 1/2-1/2

[Event "XXVI Corsicoscacchi Magistrale"]
[Site "Corsico ITA"]
[Date "2003.05.02"]
[Round "4"]
[White "Lucchese, Paolo"]
[Black "Cazzaniga, Walter"]
[Result "1/2-1/2"]
[WhiteElo "1818"]
[BlackElo "2094"]
[PlyCount "117"]
[EventDate "2003.04.30"]

1. e4 e6 2. d4 d5 3. Nc3 Bb4 4. e5 c5 5. a3 Bxc3+ 6. bxc3 Ne7 7. Nf3 Nbc6 8.
Bd3 Qc7 9. O-O Bd7 10. Re1 c4 11. Bf1 f6 12. exf6 gxf6 13. g3 O-O-O 14. Bf4 Qa5
15. Bh3 Ng6 16. Bd6 Rhe8 17. Qd2 e5 18. Bxd7+ Rxd7 19. Bc5 e4 20. h4 Qd8 21. h5
exf3 22. Rxe8 Qxe8 23. hxg6 b6 24. g7 bxc5 25. Qh6 Qf7 26. g8=Q+ Qxg8 27. Qxf6
Qg6 28. Qf8+ Kc7 29. Qf4+ Qd6 30. Qxf3 cxd4 31. a4 dxc3 32. Qxc3 Qb4 33. Qf3 d4
34. Rd1 d3 35. Qf4+ Kb7 36. Qf5 Rd6 37. Qxh7+ Kb6 38. cxd3 cxd3 39. a5+ Nxa5
40. Kh2 Qb3 41. Rc1 Nc4 42. Qg8 Kb5 43. Qb8+ Rb6 44. Qe8+ Kc5 45. Qe7+ Kd5 46.
Qf7+ Kc5 47. Qe7+ Rd6 48. Qc7+ Kd5 49. Qf7+ Re6 50. Qf3+ Kd6 51. Qf8+ Kd5 52.
Qf3+ Kc5 53. Qf5+ Kd6 54. Qf8+ Kd7 55. Qf7+ Kd6 56. Qf8+ Kd5 57. Qf3+ Kd6 58.
Qf8+ Kd5 59. Qf3+ 1/2-1/2

[Event "XXVI Corsicoscacchi Magistrale"]
[Site "Corsico ITA"]
[Date "2003.05.02"]
[Round "4"]
[White "Massironi, Marco"]
[Black "Piazza, Angelo"]
[Result "1-0"]
[WhiteElo "2082"]
[BlackElo "1800"]
[PlyCount "67"]
[EventDate "2003.04.30"]

1. e4 Nf6 2. e5 Nd5 3. d4 d6 4. c4 Nb6 5. exd6 exd6 6. Nc3 Be7 7. Nf3 Bg4 8.
Be3 Nc6 9. b3 Bf6 10. Be2 Qd7 11. O-O O-O 12. Ne4 Qf5 13. Nxf6+ Qxf6 14. h3
Bxf3 15. Bxf3 Rab8 16. Qd2 Qg6 17. Rfe1 Nd7 18. Bf4 f5 19. Re6 Rf6 20. Rae1
Rbf8 21. Qd1 Rxe6 22. Rxe6 Qf7 23. Bd5 Nb4 24. Re7 Nxd5 25. Rxf7 Rxf7 26. cxd5
Nf6 27. Qe2 Kf8 28. Qe6 Nd7 29. Bg5 g6 30. Bh6+ Kg8 31. Qe8+ Nf8 32. Qc8 c5 33.
dxc5 dxc5 34. d6 1-0

[Event "XXVI Corsicoscacchi Magistrale"]
[Site "Corsico ITA"]
[Date "2003.05.02"]
[Round "4"]
[White "Pattarello, Pierluigi"]
[Black "Kidane, Robel"]
[Result "0-1"]
[WhiteElo "1815"]
[BlackElo "2054"]
[PlyCount "48"]
[EventDate "2003.04.30"]

1. d4 Nf6 2. c4 g6 3. Nc3 Bg7 4. e4 d6 5. f4 O-O 6. Nf3 c5 7. dxc5 dxc5 8. Be3
Qa5 9. Bd3 Rd8 10. Qe2 Nc6 11. e5 Nd4 12. Nxd4 cxd4 13. Bd2 dxc3 14. Bxc3 Qb6
15. exf6 Bxf6 16. Bxf6 Qxf6 17. g3 Bg4 18. Qc2 Qd4 19. Be2 Qe3 20. Rd1 Bxe2 21.
Qxe2 Rxd1+ 22. Kxd1 Rd8+ 23. Ke1 Qc1+ 24. Kf2 Qxh1 0-1

[Event "XXVI Corsicoscacchi Magistrale"]
[Site "Corsico ITA"]
[Date "2003.05.02"]
[Round "4"]
[White "Popa, Florin"]
[Black "Damia, Angelo"]
[Result "1-0"]
[WhiteElo "2204"]
[BlackElo "1991"]
[PlyCount "73"]
[EventDate "2003.04.30"]

1. e4 e5 2. Nf3 Nf6 3. d4 Nxe4 4. Bd3 d5 5. Nxe5 Bb4+ 6. c3 Bd6 7. O-O O-O 8.
Nd2 f5 9. f4 Nd7 10. Nxd7 Qxd7 11. Qb3 Qf7 12. Nf3 c6 13. c4 Be6 14. c5 Bb8 15.
a4 h6 16. Qc2 Bc7 17. b4 Qh5 18. Be2 Qe8 19. Bd2 Bd8 20. b5 g5 21. Rab1 gxf4
22. Bxf4 Bg5 23. Ne5 Bd7 24. Rb3 Kh7 25. Qb2 Bxf4 26. Rxf4 Rb8 27. Rh3 Rf6 28.
Bd3 b6 29. Bxe4 dxe4 30. d5 Be6 31. Nxc6 Rg6 32. dxe6 Rc8 33. cxb6 axb6 34.
Rxf5 Qxe6 35. Qe5 Qa2 36. Rg3 Rxg3 37. hxg3 1-0

[Event "XXVI Corsicoscacchi Magistrale"]
[Site "Corsico ITA"]
[Date "2003.05.02"]
[Round "4"]
[White "Radice, Luca"]
[Black "Ubezio, Marco"]
[Result "1/2-1/2"]
[WhiteElo "2087"]
[BlackElo "2195"]
[PlyCount "65"]
[EventDate "2003.04.30"]

1. d4 Nf6 2. c4 e5 3. dxe5 Ng4 4. Bf4 Nc6 5. Nf3 Bb4+ 6. Nbd2 Qe7 7. a3 Ngxe5
8. Nxe5 Nxe5 9. e3 Bxd2+ 10. Qxd2 d6 11. Be2 O-O 12. O-O b6 13. b4 Bb7 14. Qc3
Ng6 15. Bg3 Rae8 16. Rfd1 Nh4 17. Bf1 Nf5 18. Bf4 g5 19. Bg3 h5 20. c5 dxc5 21.
bxc5 h4 22. Bxc7 Qxc7 23. Qf6 Ng7 24. Qxg5 Qe7 25. Qxe7 Rxe7 26. cxb6 axb6 27.
Rd6 Re6 28. Rxe6 Nxe6 29. Rb1 Ra8 30. Rxb6 Bd5 31. Rb5 Bc6 32. Rb6 Bd5 33. Rb5
1/2-1/2

[Event "XXVI Corsicoscacchi Magistrale"]
[Site "Corsico ITA"]
[Date "2003.05.02"]
[Round "4"]
[White "Rossi, Giampiero"]
[Black "Zoldan, Matteo"]
[Result "1/2-1/2"]
[WhiteElo "2052"]
[BlackElo "2124"]
[PlyCount "50"]
[EventDate "2003.04.30"]

1. d4 Nf6 2. c4 c5 3. dxc5 Qa5+ 4. Nc3 Qxc5 5. e4 d6 6. Be3 Qa5 7. f3 g6 8.
Nge2 Bg7 9. Qd2 Nc6 10. Nd4 O-O 11. Be2 Nxd4 12. Bxd4 Be6 13. O-O Rfc8 14. b3
b5 15. cxb5 Nxe4 16. fxe4 Bxd4+ 17. Qxd4 Rxc3 18. e5 dxe5 19. Qxe5 Rac8 20. Bc4
Bxc4 21. bxc4 R3xc4 22. Qxe7 R4c7 23. Qe2 Rc2 24. Qe7 R2c7 25. Qe2 Rc2 1/2-1/2

[Event "XXVI Corsicoscacchi Magistrale"]
[Site "Corsico ITA"]
[Date "2003.05.02"]
[Round "4"]
[White "Zigura, Oleg"]
[Black "Astengo, Marcello"]
[Result "1-0"]
[WhiteElo "2367"]
[BlackElo "2055"]
[PlyCount "45"]
[EventDate "2003.04.30"]

1. e4 e6 2. d4 d5 3. Nc3 Nf6 4. Bd3 c5 5. exd5 Nxd5 6. Nf3 Nxc3 7. bxc3 Nd7 8.
O-O Be7 9. Re1 O-O 10. Ne5 Nf6 11. Rb1 Qc7 12. Qf3 Qd8 13. Bg5 h6 14. Bxf6 Bxf6
15. Qe4 Re8 16. Qh7+ Kf8 17. Nxf7 Kxf7 18. Bg6+ Ke7 19. Bxe8 Kxe8 20. d5 b6 21.
dxe6 Qe7 22. Rbd1 Rb8 23. Qg6+ 1-0

[Event "XXVI Corsicoscacchi Magistrale"]
[Site "Corsico ITA"]
[Date "2003.05.03"]
[Round "5"]
[White "Astengo, Marcello"]
[Black "Bonanno, Alessandro"]
[Result "0-1"]
[WhiteElo "2055"]
[BlackElo "2109"]
[PlyCount "54"]
[EventDate "2003.04.30"]

1. d4 Nf6 2. Nf3 g6 3. Bf4 Bg7 4. h3 O-O 5. e3 d6 6. Bd3 Nd5 7. Bg5 c5 8. c3 h6
9. Bh4 cxd4 10. exd4 Nf4 11. Bf1 Qb6 12. Qd2 e5 13. dxe5 dxe5 14. g3 e4 15. Nd4
Nd3+ 16. Bxd3 exd3 17. g4 Re8+ 18. Kf1 Nc6 19. Nf3 Be6 20. Ne1 Bd5 21. Rg1 g5
22. Bg3 Rad8 23. f3 Re2 24. Qxd3 Rxb2 25. Na3 Ne5 26. Qd4 Qa6+ 27. c4 Bxc4+ 0-1

[Event "XXVI Corsicoscacchi Magistrale"]
[Site "Corsico ITA"]
[Date "2003.05.03"]
[Round "5"]
[White "Bonazzi, Edoardo"]
[Black "Radice, Luca"]
[Result "1/2-1/2"]
[WhiteElo "2153"]
[BlackElo "2087"]
[PlyCount "108"]
[EventDate "2003.04.30"]

1. Nf3 d5 2. d4 Nf6 3. c4 e6 4. Nc3 Be7 5. Bg5 Ne4 6. Bxe7 Qxe7 7. cxd5 Nxc3 8.
bxc3 exd5 9. e3 O-O 10. Qb3 c6 11. c4 Rd8 12. cxd5 cxd5 13. Rb1 Nc6 14. Be2 Rb8
15. O-O Bg4 16. Rfc1 h6 17. h3 Bh5 18. Rb2 Qe6 19. Rbc2 Bg6 20. Rc5 Be4 21. Nd2
Bxg2 22. Kxg2 Nxd4 23. exd4 Qxe2 24. Qe3 Qa6 25. R1c2 Re8 26. Qf4 Rbd8 27. Rc7
Qg6+ 28. Qg4 Qd3 29. Nf3 Rd6 30. Ne5 Rxe5 31. R2c3 Qe4+ 32. Qxe4 Rxe4 33. Rxb7
Rxd4 34. Rxa7 Rc4 35. Rxc4 dxc4 36. Rc7 Ra6 37. Rxc4 Rxa2 38. Kg3 g6 39. Rb4 h5
40. h4 Ra3+ 41. f3 Kg7 42. Rc4 Ra6 43. Rb4 Ra7 44. Rc4 f6 45. Rb4 Kh6 46. Rc4
Ra6 47. Rb4 Rc6 48. Ra4 g5 49. Rb4 Kg6 50. Ra4 Rc3 51. hxg5 Kxg5 52. Rb4 f5 53.
Ra4 h4+ 54. Rxh4 Rxf3+ 1/2-1/2

[Event "XXVI Corsicoscacchi Magistrale"]
[Site "Corsico ITA"]
[Date "2003.05.03"]
[Round "5"]
[White "Bozzali, Ermanno"]
[Black "Zigura, Oleg"]
[Result "0-1"]
[WhiteElo "2095"]
[BlackElo "2367"]
[PlyCount "62"]
[EventDate "2003.04.30"]

1. d4 d5 2. Nf3 e6 3. Bf4 Bd6 4. Bxd6 Qxd6 5. Nbd2 Nf6 6. e3 b6 7. c3 Bb7 8.
Ne5 Nc6 9. f4 Ne7 10. Bd3 c5 11. O-O O-O 12. Qf3 Rab8 13. g4 b5 14. g5 Nd7 15.
Qh3 f5 16. gxf6 Nxf6 17. Ndf3 Nf5 18. Ng5 Bc8 19. Rae1 b4 20. Kh1 bxc3 21. bxc3
Rb2 22. Rg1 Rxa2 23. Ng4 h6 24. Nxf6+ Rxf6 25. Nf3 Ba6 26. Bb1 Rb2 27. Qg4 Qc7
28. Nh4 Rxb1 29. Rxb1 Bd3 30. Nxf5 exf5 31. Rb8+ Kh7 0-1

[Event "XXVI Corsicoscacchi Magistrale"]
[Site "Corsico ITA"]
[Date "2003.05.03"]
[Round "5"]
[White "Cazzaniga, Walter"]
[Black "Gentili, Gianguido"]
[Result "1/2-1/2"]
[WhiteElo "2094"]
[BlackElo "1768"]
[PlyCount "84"]
[EventDate "2003.04.30"]

1. d4 Nf6 2. c4 e6 3. Nf3 c5 4. d5 b5 5. Bg5 Qa5+ 6. Bd2 Qb6 7. Nc3 b4 8. Na4
Qc7 9. Qc2 d6 10. b3 Nbd7 11. e4 e5 12. Bd3 Be7 13. O-O Nf8 14. Nb2 Rb8 15. a3
a5 16. axb4 axb4 17. Nd1 Ng6 18. Ne3 Nh5 19. g3 Bh3 20. Rfe1 O-O 21. Ra2 Ra8
22. Rea1 Qb7 23. Bf1 Bd7 24. Be2 Nf6 25. Nf5 Rxa2 26. Rxa2 Ra8 27. Nxe7+ Nxe7
28. Bg5 Bh3 29. Bxf6 gxf6 30. Qb2 f5 31. exf5 Bxf5 32. Qa1 Rxa2 33. Qxa2 Bg4
34. Ng5 Bf5 35. Bh5 Bg6 36. Bxg6 hxg6 37. Qa4 Qc8 38. Kg2 Nf5 39. Ne4 Qd8 40.
Qa6 Nd4 41. Nxd6 Qf6 42. Qc8+ Kh7 1/2-1/2

[Event "XXVI Corsicoscacchi Magistrale"]
[Site "Corsico ITA"]
[Date "2003.05.03"]
[Round "5"]
[White "Damia, Angelo"]
[Black "Pattarello, Pierluigi"]
[Result "1/2-1/2"]
[WhiteElo "1991"]
[BlackElo "1815"]
[PlyCount "82"]
[EventDate "2003.04.30"]

1. e4 e6 2. d4 d5 3. e5 c5 4. c3 Nc6 5. Nf3 Qb6 6. a3 cxd4 7. cxd4 Nge7 8. b4
Nf5 9. Bb2 Be7 10. Bd3 Bd7 11. Bxf5 exf5 12. Nc3 Be6 13. Qd3 Rc8 14. Na4 Qc7
15. Rc1 a6 16. O-O O-O 17. Rc3 b5 18. Nc5 Bxc5 19. Rxc5 Qd7 20. Nd2 Ne7 21. Nb3
f4 22. Rfc1 Bf5 23. Qf3 g5 24. Qh5 g4 25. Qg5+ Ng6 26. Rxc8 Rxc8 27. Rxc8+ Qxc8
28. Nc5 Be4 29. Bc1 Qf5 30. Qxf5 Bxf5 31. Nxa6 Bd3 32. Nc7 Bc4 33. f3 gxf3 34.
gxf3 Nh4 35. Kf2 Nf5 36. e6 fxe6 37. Nxe6 Kf7 38. Ng5+ Kg6 39. Nh3 Nxd4 40.
Nxf4+ Kf5 41. Ng2 Nc2 1/2-1/2

[Event "XXVI Corsicoscacchi Magistrale"]
[Site "Corsico ITA"]
[Date "2003.05.03"]
[Round "5"]
[White "Gandolfi, Gianfranco"]
[Black "Cartella, Giovanni"]
[Result "1/2-1/2"]
[WhiteElo "2013"]
[BlackElo "1803"]
[PlyCount "35"]
[EventDate "2003.04.30"]

1. e4 c5 2. Nf3 d6 3. d4 cxd4 4. Nxd4 Nf6 5. Nc3 a6 6. Bg5 e6 7. f4 Be7 8. Qf3
Qc7 9. O-O-O Nc6 10. Nxc6 bxc6 11. Bc4 Bb7 12. e5 dxe5 13. f5 c5 14. Qh3 exf5
15. Qxf5 O-O 16. Rhe1 e4 17. Bxf6 Bxf6 18. Nxe4 1/2-1/2

[Event "XXVI Corsicoscacchi Magistrale"]
[Site "Corsico ITA"]
[Date "2003.05.03"]
[Round "5"]
[White "Lapiccirella, Daniele"]
[Black "Bini, Lorenzo"]
[Result "1/2-1/2"]
[WhiteElo "2105"]
[BlackElo "2065"]
[PlyCount "44"]
[EventDate "2003.04.30"]

1. d4 b6 2. c4 f5 3. Nf3 Nf6 4. g3 Bb7 5. Bg2 g6 6. O-O Bg7 7. Nc3 O-O 8. b3 e6
9. Bb2 Re8 10. Qc2 d6 11. Rad1 Nbd7 12. Ne1 Bxg2 13. Nxg2 a6 14. e4 fxe4 15.
Nxe4 Nxe4 16. Qxe4 Nf6 17. Qc6 Qd7 18. Qxd7 Nxd7 19. Rfe1 e5 20. dxe5 Bxe5 21.
Bxe5 Nxe5 22. Re3 Ng4 1/2-1/2

[Event "XXVI Corsicoscacchi Magistrale"]
[Site "Corsico ITA"]
[Date "2003.05.03"]
[Round "5"]
[White "Mazzariol, Oscar"]
[Black "De Santis, Massimo"]
[Result "1/2-1/2"]
[WhiteElo "2061"]
[BlackElo "1840"]
[PlyCount "65"]
[EventDate "2003.04.30"]

1. e4 d5 2. exd5 Qxd5 3. Nc3 Qa5 4. d4 Nf6 5. Nf3 Bf5 6. Ne5 c6 7. Bd3 Bxd3 8.
Qxd3 Nbd7 9. Nxd7 Nxd7 10. Bf4 e6 11. O-O-O Nf6 12. Kb1 Bb4 13. Bd2 Rd8 14.
Rhe1 O-O 15. a3 Be7 16. Ne4 Qb6 17. Qg3 Nxe4 18. Rxe4 Rxd4 19. Ree1 Rfd8 20.
Kc1 Bf6 21. Bc3 Rxd1+ 22. Rxd1 Rxd1+ 23. Kxd1 Qd8+ 24. Ke1 Bxc3+ 25. Qxc3 h6
26. g3 Qd5 27. h4 h5 28. Kf1 c5 29. Kg1 e5 30. Qa5 a6 31. Qb6 c4 32. c3 e4 33.
a4 1/2-1/2

[Event "XXVI Corsicoscacchi Magistrale"]
[Site "Corsico ITA"]
[Date "2003.05.03"]
[Round "5"]
[White "Nannelli, Paolo"]
[Black "Chiaretti, Roberto"]
[Result "1/2-1/2"]
[WhiteElo "2174"]
[BlackElo "2194"]
[PlyCount "59"]
[EventDate "2003.04.30"]

1. c4 e6 2. Nf3 d5 3. g3 Nf6 4. b3 c5 5. Bg2 Nc6 6. O-O Be7 7. Bb2 d4 8. e3 e5
9. exd4 exd4 10. d3 O-O 11. Na3 Bf5 12. Nc2 a5 13. h3 Bd6 14. a3 Qc7 15. Nh4
Bd7 16. f4 Ne7 17. Bc1 Ng6 18. Nf3 Rae8 19. b4 b6 20. Bd2 h5 21. bxc5 bxc5 22.
Rb1 Bc6 23. Nce1 a4 24. Ng5 Re7 25. Bxc6 Qxc6 26. Qf3 Qxf3 27. Nexf3 Re2 28.
Rfe1 Rxe1+ 29. Bxe1 Re8 30. Bd2 1/2-1/2

[Event "XXVI Corsicoscacchi Magistrale"]
[Site "Corsico ITA"]
[Date "2003.05.03"]
[Round "5"]
[White "Pelizzola, Danilo"]
[Black "Lanzani, Giuliano"]
[Result "1/2-1/2"]
[WhiteElo "1998"]
[BlackElo "1833"]
[PlyCount "36"]
[EventDate "2003.04.30"]

1. e4 e6 2. d4 d5 3. exd5 exd5 4. Bd3 Bd6 5. Nf3 Qe7+ 6. Qe2 Qxe2+ 7. Kxe2 Ne7
8. Re1 Bf5 9. Bxf5 Nxf5 10. Kd3+ Ne7 11. Nc3 c6 12. Ne2 Nd7 13. Bf4 Bxf4 14.
Nxf4 g6 15. Re2 Kf8 16. Rae1 Ng8 17. Ne5 Nxe5+ 18. Rxe5 Rd8 1/2-1/2

[Event "XXVI Corsicoscacchi Magistrale"]
[Site "Corsico ITA"]
[Date "2003.05.03"]
[Round "5"]
[White "Piazza, Angelo"]
[Black "Cereda, Loris"]
[Result "0-1"]
[WhiteElo "1800"]
[BlackElo "1917"]
[PlyCount "30"]
[EventDate "2003.04.30"]

1. b3 e5 2. Bb2 Nc6 3. e3 f5 4. Bb5 d6 5. d4 Bd7 6. dxe5 Nxe5 7. Bxd7+ Qxd7 8.
Bxe5 dxe5 9. Qxd7+ Kxd7 10. Nf3 Bd6 11. c4 e4 12. c5 Bxc5 13. Ng5 Be7 14. Nf7
Bf6 15. Nxh8 Bxa1 0-1

[Event "XXVI Corsicoscacchi Magistrale"]
[Site "Corsico ITA"]
[Date "2003.05.03"]
[Round "5"]
[White "Podini, Francesco"]
[Black "Cedriano, Filippo"]
[Result "0-1"]
[WhiteElo "2043"]
[BlackElo "1807"]
[PlyCount "92"]
[EventDate "2003.04.30"]

1. e4 d6 2. Nc3 g6 3. f4 Bg7 4. Nf3 Nf6 5. Bc4 c6 6. d3 d5 7. exd5 cxd5 8. Bb5+
Bd7 9. Bxd7+ Nbxd7 10. O-O e6 11. Qe1 O-O 12. f5 gxf5 13. h3 Qc7 14. Qh4 Ne5
15. Nxe5 Qxe5 16. Kh1 d4 17. Bf4 Qc5 18. Ne2 Nd5 19. Bh6 Bxh6 20. Qxh6 Kh8 21.
Nf4 Rg8 22. Nxd5 Rg6 23. Qf4 Qxd5 24. Qf3 Qxf3 25. Rxf3 Rag8 26. Rf2 Rg3 27.
Re1 Kg7 28. Re5 Kf6 29. Rc5 Re3 30. Kh2 Re8 31. Rc7 Re7 32. Rxe7 Kxe7 33. Rf4
Re2 34. Rxd4 Rxc2 35. Rb4 b6 36. Kg3 e5 37. Kf3 Rd2 38. Rb3 h5 39. g3 Kd6 40.
a4 Kd5 41. Ke3 Rg2 42. Kf3 Rh2 43. h4 Kd4 44. a5 bxa5 45. Rb5 f6 46. Rxa5 e4+
0-1

[Event "XXVI Corsicoscacchi Magistrale"]
[Site "Corsico ITA"]
[Date "2003.05.03"]
[Round "5"]
[White "Stefanetti, Marco"]
[Black "Rossi, Giampiero"]
[Result "1/2-1/2"]
[WhiteElo "1873"]
[BlackElo "2052"]
[PlyCount "87"]
[EventDate "2003.04.30"]

1. d4 d5 2. Nf3 c6 3. c3 Bf5 4. Qb3 Qb6 5. Bf4 e6 6. Nbd2 Be7 7. e3 Nd7 8. Be2
h6 9. h3 Ngf6 10. O-O O-O 11. c4 Rfe8 12. Rac1 Ne4 13. Nxe4 Bxe4 14. Nd2 Nf6
15. cxd5 exd5 16. Be5 Bg6 17. a3 Ne4 18. Qxb6 axb6 19. Nxe4 Bxe4 20. Bc7 b5 21.
Ra1 Bg6 22. Rfc1 Bd8 23. Bxd8 Rexd8 24. Kf1 Ra7 25. b4 Rda8 26. Rc3 Ra4 27. Rb3
Kf8 28. Bd1 Ke7 29. Ke1 Kd6 30. Kd2 f6 31. Kc3 Be4 32. f3 Bg6 33. Kb2 Re8 34.
Rc3 Raa8 35. a4 bxa4 36. Rxa4 Rxa4 37. Bxa4 Ra8 38. Ra3 b5 39. Bd1 Rxa3 40.
Kxa3 Bd3 41. g3 g5 42. f4 Bf5 43. h4 gxh4 44. gxh4 1/2-1/2

[Event "XXVI Corsicoscacchi Magistrale"]
[Site "Corsico ITA"]
[Date "2003.05.03"]
[Round "5"]
[White "Strada, Stefano"]
[Black "Massironi, Marco"]
[Result "0-1"]
[WhiteElo "1815"]
[BlackElo "2082"]
[PlyCount "72"]
[EventDate "2003.04.30"]

1. c4 Nf6 2. Nc3 g6 3. g3 d5 4. cxd5 Nxd5 5. Bg2 c6 6. Nf3 Bg7 7. O-O O-O 8. d4
Nd7 9. Re1 e5 10. Nxd5 cxd5 11. dxe5 Nxe5 12. Nxe5 Bxe5 13. Qxd5 Qf6 14. Rb1
Bf5 15. e4 Be6 16. Qa5 Bd4 17. Be3 Bxb2 18. Qb5 Bc3 19. e5 Qf5 20. Bxb7 Bxe1
21. Bxa8 Bxf2+ 22. Bxf2 Rxa8 23. Rf1 Qe4 24. Re1 Qf3 25. Qe2 Qb7 26. a3 Rc8 27.
Qe4 Bd5 28. Qb4 Qa8 29. Qd2 Be4 30. Qd4 Bh1 31. Kf1 Qg2+ 32. Ke2 Rc2+ 33. Kd3
Rxf2 34. Kc4 Qc6+ 35. Kb4 Rf3 36. Rxh1 a5+ 0-1

[Event "XXVI Corsicoscacchi Magistrale"]
[Site "Corsico ITA"]
[Date "2003.05.03"]
[Round "5"]
[White "Ubezio, Marco"]
[Black "Di Lascio, Savino"]
[Result "1-0"]
[WhiteElo "2195"]
[BlackElo "1895"]
[PlyCount "123"]
[EventDate "2003.04.30"]

1. d4 Nf6 2. Bg5 Ne4 3. Bf4 d5 4. e3 e6 5. Bd3 Bd6 6. Bg3 Nxg3 7. hxg3 Nd7 8.
f4 c5 9. c3 Nf6 10. Nd2 Bd7 11. Ngf3 Ng4 12. Qe2 f5 13. Ne5 Bxe5 14. fxe5 c4
15. Bc2 Qg5 16. Nf1 a5 17. Qf3 a4 18. a3 Bc6 19. Qf4 Qd8 20. Nh2 g5 21. Qf3
Nxh2 22. Rxh2 g4 23. Qf4 h5 24. Kd2 Kf7 25. Rf1 Bd7 26. Kc1 Kg6 27. e4 Qg5 28.
exf5+ exf5 29. Rh4 Be6 30. Kd2 b5 31. Ke3 Rac8 32. Rfh1 Rh7 33. Bd1 Ra8 34. Rf1
Rc8 35. Ke2 Qxf4 36. Rxf4 Kg5 37. Ke3 Ra7 38. Bc2 Bd7 39. Rh1 Rh8 40. Rhf1 Rf8
41. Kd2 h4 42. gxh4+ Kxh4 43. Rh1+ Kg3 44. Ke3 Raa8 45. Rh7 Be6 46. Rh6 Rae8
47. Rg6 Rh8 48. Bxf5 Bxf5 49. Rxf5 Rhf8 50. Rf3+ Kh4 51. Rh6+ Kg5 52. Rxf8 Rxf8
53. Rb6 g3 54. Rf6 Rb8 55. Kf3 b4 56. axb4 a3 57. bxa3 Ra8 58. Kxg3 Rxa3 59.
Rf3 Ra8 60. Re3 Ra7 61. e6 Kf6 62. e7 1-0

[Event "XXVI Corsicoscacchi Magistrale"]
[Site "Corsico ITA"]
[Date "2003.05.03"]
[Round "5"]
[White "Zoldan, Matteo"]
[Black "Lucchese, Paolo"]
[Result "1-0"]
[WhiteElo "2124"]
[BlackElo "1818"]
[PlyCount "45"]
[EventDate "2003.04.30"]

1. e4 e5 2. Nc3 Bc5 3. f4 Bxg1 4. Rxg1 Qh4+ 5. g3 Qxh2 6. Rg2 Qh3 7. fxe5 Nc6
8. d4 Nh6 9. Bf4 d6 10. exd6 Bg4 11. Qd2 O-O-O 12. Rh2 Nxd4 13. Bxh3 Nf3+ 14.
Kd1 Nxd2+ 15. Bxg4+ Nxg4 16. Rxd2 Rhe8 17. dxc7 Nf2+ 18. Ke2 Rxd2+ 19. Kxd2 g5
20. Bxg5 Kxc7 21. Rf1 Nxe4+ 22. Nxe4 Rxe4 23. Rxf7+ 1-0

[Event "XXVI Corsicoscacchi Magistrale"]
[Site "Corsico ITA"]
[Date "2003.05.03"]
[Round "6"]
[White "Bini, Lorenzo"]
[Black "Bonazzi, Edoardo"]
[Result "1/2-1/2"]
[WhiteElo "2065"]
[BlackElo "2153"]
[PlyCount "41"]
[EventDate "2003.04.30"]

1. f4 c6 2. Nf3 g6 3. b3 Bg7 4. Nc3 d5 5. Bb2 Nf6 6. e3 O-O 7. Be2 Bg4 8. Ne5
Bxe2 9. Qxe2 Nfd7 10. Nf3 a5 11. a4 Na6 12. O-O e6 13. Nd1 Bxb2 14. Nxb2 Nac5
15. Nd1 Ne4 16. Nf2 Nxf2 17. Kxf2 Qe7 18. Kg1 e5 19. fxe5 Nxe5 20. Nxe5 Qxe5
21. Qd3 1/2-1/2